LEADER 01519nam a2200361 u 4500 001 000000075303 003 CaOOAMICUS 005 20150910125306.0 008 030529s2002 it u000 u ita u 020 $a8839907882 035 $a10963085 040 $aPUL$bita 041 1 $aita$hfre 100 1 $aGeffré, Claude.$0(OLS)http://pul/name/26788 240 10$aCroire et interpreter : le tournant herméneutique de la théologie.$lItaliano.$0(OLS)http://pul/title/98782 245 10$aCredere e interpretare :$bla svolta ermenutica della teologia /$cClaude Geffré. 260 $aBrescia :$bQueriniana,$cc2002. 300 $a199 p.$c20 cm 490 1 $aGiornale di teologia ;$v288 650 4$aErmeneutica.$0(OLS)http://pul/subject/438 650 4$aTeologia.$0(OLS)http://pul/subject/118 830 0$aGiornale di teologia ;$v288.$0(OLS)http://pul/title/9027 850 $aPUL 852 $aPUL$W1$xSL Religione 3$y85$m200 GDT 1.288$j96938$nBK-PRI$b $qDDC 21$B96938$CPULBib$Z2$F96938 $82 852 $aPUL$W1$xDP1 Fondo S. Lanza$y121$m3 M 24.288$j168372$qFondi$B168974$CPULBib$Z2$F168974 $HLAN395 $82 941 1 $a9 941 1 $a1 961 $aINV: 91537 961 $aNota ms. di possesso: Sergio Lanza 983 0$aGdT. 996 $6020$a8839907882$9(OLS)http://pul/number/98146 996 $6245$aCredere e interpretare :$bla svolta ermenutica della teologia$9(OLS)http://pul/title/98783 996 $6260$aBrescia :$bQueriniana$9(OLS)http://pul/publisher/47906 LEADER 01442nam a2200349 a 4500 001 000000168253 003 CaOOAMICUS 005 20180614112448.0 008 180614s2017 it c u000 u ita r 020 $a978-88-575-3961-4* 032 $aLibriCat 040 $aPUL$bita 041 1 $aita$hger 082 04$a193 100 1 $aHeidegger, Martin,$d1889-1976.$0(OLS)http://pul/name/5737 240 14$aDas Ereignis.$lItaliano.$0(OLS)http://pul/title/208516 245 12$aL'evento /$cMartin Heidegger ; a cura di Friedrich-Wilhelm v. Hermann ; edizione italiana a cura di Giusi Strummiello. 260 $aMilano ; Udine :$bMimesis,$c©2017. 300 $a342 p. :$britr. ;$c21 cm. 490 1 $aMimesis. Volti ;$v104 504 $aBibliografia in nota. 700 1 $aStrummiello, Giusi.$0(OLS)http://pul/name/108338 700 1 $aHerrmann, Friedrich-Wilhelm von,$b1934-2022.$0(OLS)http://pul/name/86483 830 0$aVolti (Mimesis) ;$v104.$0(OLS)http://pul/title/150110 850 $aPUL 852 $aPUL$W1$xSL Filosofia 3$y81$m193 HEIMA 17$j191790$qDDC 21$B196135$CPULBib$Z2$F196135 $H130988 $81 941 1 $a9 996 $6020$a978-88-575-3961-4*$9(OLS)http://pul/number/164344 996 $6082$a193$9(OLS)http://pul/classification/412 996 $6245$aL'evento$9(OLS)http://pul/title/208517 996 $6260$aMilano ; Udine :$bMimesis$9(OLS)http://pul/publisher/81060